• 首页
  • 本馆介绍
  • 公告通知
  • 最新文献
  • 馆藏检索
  • 电子资源
  • 读者导购
  • 参考咨询
  • 我的图书馆
  • 登录
  • 详细信息显示
  • 放入我的书架
  • 预约/预借图书
  • 作者相关作品
  • 分类相关作品
  • 丛书相关作品
  • 出版社相关作品

书目信息

  • 表格格式
  • 工作单格式
  • 卡片格式
题名:
认识肝脏病
    
 
作者: 吕名鸿 编著
分册:  
出版信息: 北京   中国纺织出版社  2000
页数: 158页
开本: 20cm
丛书名: 新世纪医疗保健广场
单 册:
中图分类: R575
科图分类:
主题词: 肝疾病--gan ji bing--防治
电子资源:
ISBN: 7-5064-1719-7
000 00888nam2 2200253 450
001 0123456182667
005 20070730144112.35
010    @a7-5064-1719-7@dCNY10.00
100    @a20041018d2000 em y0chiy0121 ea
101 0  @achi
102    @aCN@b110000
105    @aa z 000yy
200 1  @a认识肝脏病@Aren shi gan zang bing@f吕名鸿编著
210    @a北京@c中国纺织出版社@d2000
215    @a158页@c图@d20cm
225 2  @a新世纪医疗保健广场@Axin shi ji yi liao bao jian guang chang@v4
306    @a台湾省国家出版社授权出版
330    @a本书介绍了肝病的特点、症兆, 饮酒对人体肝脏的影响, 如何防止肝病的发生, 肝脏和其他内脏的关系, 怀孕时得肝病的危害, 肝炎的传染渠道, 保肝要诀等内容。
410  0 @12001 @a新世纪医疗保健广场
606 0  @a肝疾病@Agan ji bing@x防治
690    @aR575@v4
701  0 @a吕名鸿@Alv ming hong@4编著
801  0 @aCN@bWHC@c20070730
905    @a10447@dR575@e108
    
    认识肝脏病/吕名鸿编著.-北京:中国纺织出版社,2000
    158页:图;20cm.-(新世纪医疗保健广场;4)
    
    
    ISBN 7-5064-1719-7:CNY10.00
    本书介绍了肝病的特点、症兆, 饮酒对人体肝脏的影响, 如何防止肝病的发生, 肝脏和其他内脏的关系, 怀孕时得肝病的危害, 肝炎的传染渠道, 保肝要诀等内容。
●
相关链接 在E读中查询图书 在五车中查询图书 在当当中查询图书 在豆瓣中查询图书


正题名:认识肝脏病     索取号:R575/108         预约/预借

序号 登录号 条形码 馆藏地/架位号 状态 备注
1 0789090   207890905   第二样本阅览室/ [索取号:R575/108] 在馆    
2 0789091   207890914   第三借阅区/ [索取号:R575/108] 在馆    
3 0789092   207890923   第三借阅区/ [索取号:R575/108] 在馆    
4 0789093   207890932   第三借阅区/ [索取号:R575/108] 在馆    
5 0789094   207890941   第三借阅区/ [索取号:R575/108] 在馆    
唐山师范学院图书馆 欢迎您!
大连网信软件有限公司© 版权所有